000 01298nam a2200325 a 4500
999 _c142388
_d142388
003 BLK
005 20241014171853.0
008 180409b bul|||||r ||||||| ||bul||
010 _aKNG00148477000
040 _aBLK
041 _aBUL
_cBUL
080 _aБългарска литература
_b821.163.2
_x-93-31
_z821.163.2-93-31
100 1 _aРусев, Никола Петров
_eпърви автор
_9374886
139 _aРусев, Никола Петров
_bР 94
245 1 0 _aПриказка за Стоедин
_bРоман-приказка
_cНикола Петров Русев; худож. Никифор Русков.
250 _a2. изд.
257 _aBGR
260 _bОтечество
_c1985
_aСофия
300 _a244 с.
_bс ил.
_c24 см
380 _aDX
500 _a1. изд. 1979, 1980 в две отд. кн. - 20 115 тир.
700 1 _aРусков, Никифор
_eхудож.
_9364263
852 _aЦб 262036
856 4 _qpdf
_i0.00
_ldisable
856 4 _qpdf
_i0.00
_ldisable
942 _cKNG
_n0
_s1
_01
944 _aCR
_c05.08.2013
_lБояна Костадинова
_k30551
944 _aED
_c25.09.2017
_l05.08.2013 - от С1,Р / 05.08.2013
_kСевдалина_Василева
999 _d142388